| 000 | 00414nam a2200109Ia 4500 | ||
|---|---|---|---|
| 008 | 171204s9999 xx 000 0 und d | ||
| 245 | _aBandwidth Allocation for Video Under Quality of Service Constraints: Focus: Networks and Telecommunications | ||
| 245 | _cBushra Anjum and Harry Perros | ||
| 260 | _c2015 | ||
| 650 | _xQuality Process & Assurance in IT | ||
| 856 | _uhttp://down.ebook777.com/016/9781848217461.pdf | ||
| 999 |
_c345963 _d345963 |
||